00400 a2200121 4500001001000000005001700010008004100027245007600068100002000144700001700164773008000181999001700261ART_4558120260410161939.0260409a 10aConflict, wage determination, and hysteresis in U.K. wage determination1 aArestis, Philip1 aSkott, Peter0 tJournal of post Keynesian economicsg- Vol. 15, NÂș 3 (mar. 1993)wREV26226 c29353d29353